Govt. of
Madhya Pradesh

Mary Magdalene (Record no. 39246)

MARC details
000 -LEADER
fixed length control field 004360000a22001690004500
003 - CONTROL NUMBER IDENTIFIER
control field MACL
005 - DATE AND TIME OF LATEST TRANSACTION
control field 20160106145624.0
008 - FIXED-LENGTH DATA ELEMENTS--GENERAL INFORMATION
fixed length control field 160106b xxu||||| |||| 00| 0 eng d
040 ## - CATALOGING SOURCE
Original cataloging agency MACL
Transcribing agency MACL
041 ## - LANGUAGE CODE
Language code of text/sound track or separate title English
082 ## - DEWEY DECIMAL CLASSIFICATION NUMBER
Classification number 842/MAE
100 ## - MAIN ENTRY--PERSONAL NAME
Personal name Maeterlinck, Maurice
9 (RLIN) 27511
245 ## - TITLE STATEMENT
Title Mary Magdalene
Remainder of title A play in three acts
260 ## - PUBLICATION, DISTRIBUTION, ETC. (IMPRINT)
Name of publisher, distributor, etc. Methuen & Co. Ltd
Date of publication, distribution, etc. 1912
Place of publication, distribution, etc. London
650 ## - SUBJECT ADDED ENTRY--TOPICAL TERM
Topical term or geographic name as entry element Drama
9 (RLIN) 28771
942 ## - ADDED ENTRY ELEMENTS (KOHA)
Koha item type Books
Call number prefix 842/MAE
Source of classification or shelving scheme
Holdings
Withdrawn status Lost status Source of classification or shelving scheme Damaged status Not for loan Home library Current library Date acquired Total Checkouts Full call number Barcode Date last seen Uniform Resource Identifier Price effective from Koha item type
          MACL MACL 15/04/2015   842/MAE CLE011259 29/04/2015 39471 15/04/2015 Books